[Event "HUN-ch U16"]
[Site "Balatonlelle"]
[Date "2005.07.02"]
[Round "4"]
[White "Toth, David Jozsef"]
[Black "Lukacs, Daniel"]
[Result "1/2-1/2"]
[WhiteElo "1924"]
[BlackElo "2031"]
[PlyCount "60"]
[EventDate "2005.06.29"]
[EventType "swiss"]
[EventRounds "9"]
[EventCountry "HUN"]
[SourceTitle "EXT 2008"]
[Source "ChessBase"]
[SourceDate "2007.11.25"]
[SourceVersion "1"]
[SourceVersionDate "2007.11.25"]
[SourceQuality "1"]

1. Nf3 f5 2. d4 Nf6 3. g3 g6 4. Bg2 Bg7 5. 0-0 0-0 6. c4 d6 7. Nc3 c6 8. Bf4 Qe8 9. Qb3 Kh8 10. d5 Na6 11. Qc2 Bd7 12. Rac1 Rc8 13. Qb1 Nc5 14. b4 Nce4 15. Nxe4 Nxe4 16. Qd3 h6 17. Nd2 cxd5 18. cxd5 Nc3 19. Bxh6 Nxe2+ 20. Qxe2 Bxh6 21. Rxc8 Bxc8 22. f4 Bd7 23. Rd1 Rf7 24. Qc4 Qd8 25. Nf3 Qb6+ 26. Qd4+ Kg8 27. Qxb6 axb6 28. Rc1 e6 29. Re1 Re7 30. Nd4 e5 1/2-1/2